Coaches of the West Coast Eagles - Statistics

General Stats
  • This quiz has been taken 20 times
    4 since last reset
  • The average score is 4 of 8
Answer Stats
Years Answer % Correct
2014-2024 Adam Simpson
100%
2002-2013 John Worsfold
75%
1990-1999 Mick Malthouse
75%
2018 Jaymie Graham
50%
2000-2001 Ken Judge
50%
2024- Jarrad Schofield
25%
1987 Ron Alexander
0%
1988-1989 Todd John
0%
No matching quizzes found
Score Distribution
Percent of People with Each Score
Percentile by Number Answered
Your Score History
You have not taken this quiz since the last reset